Gaming Quiz

Random Gaming or Video Games Quiz
Score 0/56 Timer 08:00
0 Plays Today
City % Correct
Rome
100%
Ravenna
57.1%
Neapolis
42.9%
Mediolanum
42.9%
Ostia
42.9%
Londinium
42.9%
Padua
42.9%
Antium
28.6%
Cumae
28.6%
Arretium
14.3%
Arpinum
14.3%
Tarentum
14.3%
Caesaraugusta
14.3%
Caesarea
14.3%
Palmyra
14.3%
Aquileia
14.3%
Sutrium
14.3%
Placentia
14.3%
Lugdunum
14.3%
Verona
14.3%
Corfinium
14.3%
Sirmium
14.3%
Arminium
14.3%
Circei
0%
Setia
0%
Satricum
0%
Ardea
0%
Velitrae
0%
City % Correct
Viroconium
0%
Brundisium
0%
Signia
0%
Clusium
0%
Cremona
0%
Hispalis
0%
Artaxata
0%
Aurelianorum
0%
Nicopolis
0%
Eburacum
0%
Gordion
0%
Agrippina
0%
Treveri
0%
Augustadorum
0%
Bagacum
0%
Lauriacum
0%
Teurnia
0%
Curia
0%
Fregellae
0%
Alba Fucens
0%
Sora
0%
Interrama
0%
Suessa
0%
Saticula
0%
Luceria
0%
Senagallica
0%
Castrum Novum
0%
Hadria
0%
Remove Ads.
Support Sporcle.
Get the best of Sporcle when you Go Orange. This ad-free experience offers more features, more stats, and more fun while also helping to support Sporcle. Thank you for becoming a member.

You're not logged in!

Compare scores with friends on all Sporcle quizzes.
OR
Log In

Sporcle TV

Today on Sporcle TV


Watch our educational content, quiz creation guides, and fun videos on Sporcle TV.

Show Comments

Extras

Top Quizzes Today


Score Distribution

Paid Content

Your Account Isn't Verified!

In order to create a playlist on Sporcle, you need to verify the email address you used during registration. Go to your Sporcle Settings to finish the process.

Report this User

Report this user for behavior that violates our Community Guidelines.

Details: